000 00883nam a22002177a 4500
005 20240814175149.0
008 s2544 th tha d
020 _a9747746166
040 _aNALT
041 _atha
100 0 _aพิชัย นิลทองคำ
245 1 0 _aโครงการสมุดปกเงิน วิธีพิจารณาความแพ่ง-อาญาเปรียบเทียบ
260 3 _aกรุงเทพฯ :
_bอฑตยา มิเล็นเนียม,
_c2544
300 _a109 หน้า ;
_b 26 ซม.
650 0 4 _aวิธีพิจารณาความอาญา
650 0 4 _aวิธีพิจารณาความแพ่ง
850 _aNALT
942 _cLB
_2lcc
999 _c19359
_d19359
998 _j25
_k นีลวัสน์ อินทรักษา
090 _aKT34 พ642ค 2544